000 00705nam a2200181 i 4500
001 56932
003 ES-MaACL
005 20250603171455.0
007 t|
008 031014s1899 sp ||||1| spa d
110 2 _aInstituto Geográfico y Estadístico (España)
_93892
245 1 0 _aResultados provisionales del censo de la población de España... el 31 de diciembre de 1897 /
_cpor la Dirección General del Instituto Geográfico y Estadístico.
260 _aMadrid :
_b[s.n.],
_c1899 (
_fImp. de la Dirección General del Instituto Geográfico y Estadístico)
300 _aXIV, 430 p. ;
_c28 cm.
651 7 _aEspaña-
_xCensos
_2
_9155755
852 _aES-MaACL
_jC-11980
999 _c56932
_d56932